000 00924nam a2200253 i 4500
001 95245
003 ES-MaACL
005 20250805063250.0
007 t|
008 050525s1963 sp ||||1| spa d
080 _a323.12(=96:73)
100 1 _aKing, Martin Luther,
_d1929-1968
_968063
245 1 4 _aLos viajeros de la libertad /
_cMartin Luther King, Jr. ; [versión castellana de Pedro Medina y María Antonia Barquero].
260 _aBarcelona :
_bFontanella,
_c1963.
300 _a275 p., 9 lám. ;
_c22 cm.
490 1 _aLa aventura humana. Crónica ;
_v5
650 4 _aDiscriminación racial-
_zEstados Unidos.
_9147463
650 4 _aAfronorteamericanos-
_xDerechos políticos y civiles.
_99664
700 1 _aMedina, Pedro.
_979709
700 1 _aBarquero, María Antonia.
_925789
830 1 _aLa aventura humana. Crónica ;
_v5
_9232177
852 _aES-MaACL
_jC-24311
999 _c95245
_d95245